000 00870nam a22002897a 4500
999 _c2606
_d2606
003 OSt
005 20230731100318.0
008 230731b ||||| |||| 00| 0 eng d
020 _a9781108921718
040 _cKH8
082 _a372.652 ALT
100 _aAltamirano, Annie,
_eauthor.
245 _aCambridge Global English ;
_bTeacher's Resource 9 /
_cAnnie Altamirano.
250 _aSecond edition
260 _aCambridge :
_bCambridge University Press ;
_c2022.
300 _a333 pages,
_c8.6 x 0.5 x 11 inches.
500 _aIncludes digital access
650 _aEnglish language
650 _aForeign language
650 _aSecond language
700 _aMabbott, Nicola,
_eauthor.
700 _aLittle, Mark,
_eauthor.
700 _aHubbard, Bob,
_eauthor.
700 _aBarker, Chris,
_eauthor.
700 _aMitchell, Libby,
_eauthor.
942 _2ddc
_cTR